Educación-empleo en México: elementos para un juicio político
Guardado en:
| Autor principal: | |
|---|---|
| Autor Corporativo: | |
| Formato: | Texto |
| Publicado: |
México D.F.:
UNAM. IIS. CRIM. IDRC
|
| Materias: | |
| Etiquetas: |
Agregar Etiqueta
Sin Etiquetas, Sea el primero en etiquetar este registro!
|
MARC
| LEADER | 00000 a a2200000 04500 | ||
|---|---|---|---|
| 001 | 19336 | ||
| 003 | |||
| 040 | |||
| 090 | |a 145700 | ||
| 100 | |a Suárez Zozaya, Ma. Herlinda | ||
| 110 | |a UNAM. Instituto de Investigaciones Sociales. Centro Regional de Investigaciones Multidisciplinarias° | ||
| 245 | |a Educación-empleo en México: elementos para un juicio político | ||
| 260 | |a México D.F.: |b UNAM. IIS. CRIM. IDRC | ||
| 300 | |a 159 p. | ||
| 300 | |b **no definido** |b fonodiscos | ||
| 650 | |a ESTADO | ||
| 650 | |a EDUCACION | ||
| 650 | |a POLITICA EDUCATIVA | ||
| 650 | |a EMPLEO | ||
| 650 | |a DESEMPLEO | ||
| 650 | |a MERCADO DE TRABAJO | ||
| 650 | |a CRISIS | ||
| 650 | |a RECESION ECONOMICA | ||
| 650 | |a SALARIOS | ||
| 999 | |c 6409 |d 6409 | ||
